| 000 | 01153nam a2200349 i 4500 | ||
|---|---|---|---|
| 001 | 020333463 | ||
| 003 | EG-ScBUE | ||
| 005 | 20230307024609.0 | ||
| 008 | 210915s2022 enka f b 001 0 eng d | ||
| 020 | _a9780367697952 (pbk.) | ||
| 040 |
_aStDuBDS _beng _erda _cStDuBDS _dEG-ScBUE |
||
| 082 | 0 | 4 |
_a346.4202 _222 _bSTO |
| 100 | 1 |
_aStone, Richard, _d1951 March 7- _eauthor. |
|
| 245 | 1 | 4 |
_aThe modern law of contract / _cRichard Stone and James Devenney. |
| 250 | _aFourteenth edition. | ||
| 264 | 1 |
_aLondon ; _aNew York : _bRoutledge, _c2022. |
|
| 300 |
_aiviii, 558 : _billustrations (colour) ; _c25 cm |
||
| 336 |
_atext _2rdacontent _btxt |
||
| 336 |
_astill image _2rdacontent _btxt |
||
| 337 |
_aunmediated _2rdamedia _bn |
||
| 338 |
_avolume _2rdacarrier _bnc |
||
| 500 | _aPrevious edition: 2020. | ||
| 504 | _aIncludes bibliographical references and index. | ||
| 650 | 7 |
_aContracts _zEngland. _2BUEsh |
|
| 650 | 7 |
_aContracts _zWales. _2BUEsh |
|
| 653 |
_bLLAAWW _cMarch2023 |
||
| 655 | _vReading book | ||
| 700 | 1 |
_aDevenney, James, _eauthor. |
|
| 776 | 0 | 8 |
_iebook version : _z9781000474947 |
| 942 |
_2ddc _cBB |
||
| 999 |
_c30217 _d30188 |
||